2021 NBA Playoffs Teams Quiz - Statistics

General Stats
  • This quiz has been taken 1,104 times
  • The average score is 14 of 16
Answer Stats
Seed Team % Correct
7 Los Angeles Lakers
96%
3 Milwaukee Bucks
95%
7 Boston Celtics
93%
2 Phoenix Suns
91%
6 Miami Heat
90%
1 Utah Jazz
89%
1 Philadelphia 76ers
87%
2 Brooklyn Nets
86%
3 Denver Nuggets
86%
4 Los Angeles Clippers
86%
4 New York Knicks
83%
5 Atlanta Hawks
82%
5 Dallas Mavericks
82%
8 Memphis Grizzlies
76%
6 Portland Trail Blazers
69%
8 Washington Wizards
65%
No matching quizzes found
Score Distribution
Percent of People with Each Score
Percentile by Number Answered
Your Score History
You have not taken this quiz